000 00402nam a2200157Ia 4500
005 20240807062350.0
008 240806s9999||||xx |||||||||||||| ||eng||
041 _aeng
082 _a891.433
_bSRIN
100 _aSrivastava, Himanshu
245 0 _aNa khuda na sanam /
_cSrivastava, Himanshu
260 _bNational Publishing House, New Delhi
300 _a346
650 _aMathematics
942 _cBK
999 _c16787
_d16787